| 000 | 00572nam a2200181Ia 4500 | ||
|---|---|---|---|
| 008 | 100921s9999 xx 000 0 und d | ||
| 082 |
_b524 _a891.463 थ 71 |
||
| 100 | _aभोसेकर मुरलीधर. | ||
| 245 | _aविरंगुळा. | ||
| 260 |
_bमाधवी प्रकाशन,पुणे. _c1971 |
||
| 300 |
_a118 _b--- |
||
| 365 | _b4 | ||
| 520 | _aललित-कादंबरी. | ||
| 630 | _aविरंगुळा. | ||
| 650 | _aललित-कादंबरी. | ||
| 730 | _aविरंगुळा. | ||
| 942 | _cBOOK | ||
| 999 |
_c749637 _d749634 |
||